[Event "AUTO-ADV-3206"]
[Site "http://www.queenalice.com/game.php?id=1298902"]
[Date "2014.8.2"]
[Round "1"]
[White "karpaninho"]
[Black "ksal"]
[Result "1-0"]
[WhiteElo "1835"]
[BlackElo "1691"]

1. d4 d5 2. c4 dxc4 3. e3 b5 4. a4 Bd7 5. axb5 Bxb5 6. Nc3 a6 7. Nxb5 c6 8. Nc3
e5 9. Bxc4 exd4 10. exd4 Bb4 11. Nf3 Bxc3+ 12. bxc3 Nh6 13. Bxh6 gxh6 14. Qe2+
Qe7 15. Qxe7+ Kxe7 16. O-O a5 17. Rfe1+ Kf6 18. Ne5 1-0

[Event "AUTO-ADV-3206"]
[Site "http://www.queenalice.com/game.php?id=1298903"]
[Date "2014.8.2"]
[Round "1"]
[White "ksal"]
[Black "karpaninho"]
[Result "0-1"]
[WhiteElo "1702"]
[BlackElo "1824"]

1. e4 c5 2. Bc4 e6 3. Nf3 Nc6 4. O-O a6 5. d3 d6 6. Ng5 Nf6 7. c3 Ne5 8. Bf4 Be7
9. Bxe5 dxe5 10. b4 cxb4 11. cxb4 O-O 12. Nc3 Bxb4 13. Na4 b5 14. Nb2 bxc4 15.
Nxc4 Bc3 16. Rc1 Bd4 17. Na5 Qxa5 0-1

[Event "AUTO-ADV-3206"]
[Site "http://www.queenalice.com/game.php?id=1298904"]
[Date "2014.8.2"]
[Round "1"]
[White "karpaninho"]
[Black "rpalmero"]
[Result "0-1"]
[WhiteElo "1835"]
[BlackElo "1970"]

1. d4 Nf6 2. c4 e6 3. Nf3 c5 4. e3 cxd4 5. Nxd4 Bc5 6. Bd3 a6 7. Nc3 Nc6 8. Nxc6
bxc6 9. Bd2 O-O 10. Ne4 Nxe4 11. Bxe4 d5 12. cxd5 exd5 13. Bd3 Be6 14. O-O Qc7
15. Rc1 Bd6 16. f4 Qb6 17. Qc2 Rfc8 18. Bxh7+ Kf8 19. f5 Bd7 20. Kh1 f6 21. Rf3
Ke7 22. Bc3 Rh8 23. Rh3 Qb5 24. a4 Qb6 25. Qf2 Rae8 26. Qf3 Kd8 27. Qg4 Re7 28.
Bg6 Rxh3 29. Qxh3 Qxe3 30. Ba5+ Kc8 31. Qxe3 Rxe3 32. Bb6 Re2 33. b3 Bf4 34. Rf1
Be5 35. Bh5 Rb2 36. Bd1 Kb7 37. Bc5 d4 38. b4 d3 39. g3 Bc3 40. h4 Bxb4 41. Bxb4
Rxb4 42. h5 c5 43. a5 c4 44. Bf3+ Bc6 45. Bxc6+ Kxc6 0-1

[Event "AUTO-ADV-3206"]
[Site "http://www.queenalice.com/game.php?id=1298905"]
[Date "2014.8.2"]
[Round "1"]
[White "rpalmero"]
[Black "karpaninho"]
[Result "0-1"]
[WhiteElo "1940"]
[BlackElo "1798"]

1. c4 Nf6 2. Nc3 e6 3. e3 c5 4. Qc2 Nc6 5. a3 Be7 6. Nf3 d6 7. b3 Qc7 8. Bb2 a6
9. Bd3 Bd7 10. Ne4 Ne5 11. Nxe5 dxe5 12. Qc3 Bc6 13. f3 Nxe4 14. Bxe4 Bf6 15.
Bxc6+ Qxc6 16. Qc2 O-O 17. O-O Rfd8 18. Bc3 b6 19. Rab1 a5 20. f4 exf4 21. Bxf6
gxf6 22. Rxf4 f5 23. Qc3 Kf8 24. Qf6 Rxd2 25. Rh4 Qxg2# 0-1

[Event "AUTO-ADV-3206"]
[Site "http://www.queenalice.com/game.php?id=1298906"]
[Date "2014.8.2"]
[Round "1"]
[White "karpaninho"]
[Black "bpctreinamento"]
[Result "1-0"]
[WhiteElo "1828"]
[BlackElo "1610"]

1. d4 d5 2. c4 dxc4 3. e3 b5 4. a4 Bd7 5. axb5 Bxb5 6. Nc3 Qd7 7. Nxb5 Qxb5 8.
Ne2 e5 9. Nc3 Qb4 10. Ra4 Qb3 11. Bxc4 1-0

[Event "AUTO-ADV-3206"]
[Site "http://www.queenalice.com/game.php?id=1298907"]
[Date "2014.8.2"]
[Round "1"]
[White "bpctreinamento"]
[Black "karpaninho"]
[Result "0-1"]
[WhiteElo "1618"]
[BlackElo "1820"]

1. e4 c5 2. Bc4 Nc6 3. Nf3 d6 4. d3 Nf6 5. Ng5 e6 6. O-O Be7 7. Nh3 a6 8. c3 b5
9. Bb3 O-O 10. Bg5 Bb7 11. Bxf6 Bxf6 0-1

[Event "Challenge"]
[Site "http://www.queenalice.com/game.php?id=1300451"]
[Date "2014.8.9"]
[Round "-"]
[White "karpaninho"]
[Black "jorm"]
[Result "0-1"]
[WhiteElo "1845"]
[BlackElo "1842"]

1. d4 e6 2. e4 d6 3. Nf3 h6 4. Nc3 a6 5. Be2 d5 6. e5 Ne7 7. O-O Nbc6 8. a3 b6
9. Bd2 g5 10. Bd3 Nf5 11. Bxf5 exf5 12. Ne2 g4 13. Ne1 h5 14. b4 f6 15. Bf4 fxe5
16. dxe5 Be6 17. Nd4 Nxd4 18. Qxd4 a5 19. Nd3 h4 20. Qc3 Qd7 21. Rfb1 a4 22. b5
Bh6 23. Bxh6 Rxh6 24. Nf4 O-O-O 25. Qb4 Rg8 26. Qxa4 Kd8 27. Nxe6+ Qxe6 28. Qa8+
Ke7 29. Qc6 Qxc6 30. bxc6 Rxc6 31. Rc1 Ke6 32. a4 Rc5 33. Ra2 Kxe5 34. c3 f4 35.
Re2+ Kd6 36. Kf1 Rc4 37. Ra2 g3 38. h3 f3 39. a5 fxg2+ 40. Kxg2 gxf2+ 41. Kf1
Rg1+ 42. Kxf2 Rxc1 43. a6 Rf4+ 44. Ke3 Rf8 45. a7 Ra8 46. Kd2 Rh1 0-1

[Event "AUTO-ADV-3282"]
[Site "http://www.queenalice.com/game.php?id=1320730"]
[Date "2014.11.6"]
[Round "1"]
[White "Betim_Xadrez"]
[Black "karpaninho"]
[Result "1/2-1/2"]
[WhiteElo "1919"]
[BlackElo "1853"]

1. e4 c5 2. Nf3 d6 3. Nc3 Nc6 4. Bb5 Bd7 5. d3 e6 6. O-O Nf6 7. Bg5 Be7 8. h3 a6
9. Bxc6 Bxc6 10. Re1 O-O 11. e5 Bxf3 12. Qxf3 dxe5 13. Qxb7 Rb8 14. Qxa6 Rxb2
15. Bxf6 Bxf6 16. Ne4 Rxc2 17. Nxf6+ Qxf6 18. Rf1 Rd8 19. a4 h6 20. Rac1 Rxc1
21. Rxc1 Qe7 22. Qb6 Rxd3 23. Qxc5 Rd1+ 24. Kh2 Qxc5 25. Rxc5 Ra1 26. Rc8+ Kh7
27. Ra8 Kg6 28. Kg3 f5 29. a5 Ra3+ 30. Kh2 e4 31. a6 f4 32. a7 e3 33. fxe3 fxe3
34. Re8 Rxa7 35. Rxe6+ Kf5 36. Rxe3 g5 1/2-1/2

[Event "AUTO-ADV-3282"]
[Site "http://www.queenalice.com/game.php?id=1320731"]
[Date "2014.11.6"]
[Round "1"]
[White "karpaninho"]
[Black "Betim_Xadrez"]
[Result "1-0"]
[WhiteElo "1833"]
[BlackElo "1939"]

1. d4 d5 2. c4 e6 3. Nf3 Nf6 4. Nc3 Bb4 5. Bd2 O-O 6. e3 Nc6 7. Ne5 Nxe5 8. dxe5
Nd7 9. a3 Ba5 10. b4 Bxb4 11. axb4 dxc4 12. Bxc4 Nxe5 13. Be2 b6 14. f4 Ng6 15.
O-O Bb7 16. Bf3 c6 17. Qc2 Rb8 18. Rxa7 Re8 19. Rd1 Qe7 20. b5 c5 21. Bxb7 Rxb7
22. Rxb7 Qxb7 23. Ne4 Qd7 24. Be1 Qe7 25. Qd3 Ra8 26. Qd7 h6 27. Qxe7 Nxe7 28.
g4 Nd5 29. Kf2 Ra4 30. Nc3 Nxc3 31. Bxc3 Kh7 32. h4 Ra3 33. Be5 Rb3 34. Rd7 f6
35. Bxf6 Kg6 36. Be5 Rxb5 37. Rxg7# 1-0

[Event "AUTO-ADV-3282"]
[Site "http://www.queenalice.com/game.php?id=1320744"]
[Date "2014.11.6"]
[Round "1"]
[White "agilulfo"]
[Black "karpaninho"]
[Result "0-1"]
[WhiteElo "1970"]
[BlackElo "1856"]

1. d4 Nf6 2. c4 e6 3. Nf3 d5 4. cxd5 Nxd5 5. e4 Bb4+ 6. Bd2 Bxd2+ 7. Qxd2 Nf6 8.
Nc3 O-O 9. Bd3 Re8 10. O-O Nc6 11. Bb5 Bd7 12. Rfe1 a6 13. Bxc6 Bxc6 14. Rac1 b5
15. b4 Bb7 16. a4 bxa4 17. Nxa4 Nxe4 18. Rxe4 Bxe4 19. Qf4 Bxf3 20. Qxf3 Qe7 21.
Qc3 Rec8 22. Ra1 Rab8 23. Nc5 Rb6 24. Nxa6 Ra8 25. Nc5 Rxa1+ 26. Qxa1 Rxb4 27.
Qd1 Qd6 28. g3 Rxd4 0-1

[Event "AUTO-ADV-3282"]
[Site "http://www.queenalice.com/game.php?id=1320745"]
[Date "2014.11.6"]
[Round "1"]
[White "karpaninho"]
[Black "agilulfo"]
[Result "1/2-1/2"]
[WhiteElo "1877"]
[BlackElo "1966"]

1. d4 Nf6 2. c4 c5 3. Nc3 cxd4 4. Qxd4 Nc6 5. Qd1 g6 6. Nf3 Bg7 7. e3 O-O 8. Bd3
d6 9. O-O Bg4 10. h3 Bxf3 11. Qxf3 a6 12. Bd2 Ne5 13. Qe2 Nxd3 14. Qxd3 Nd7 15.
Qc2 Qc7 16. Nd5 Qd8 17. Bc3 e6 18. Bxg7 Kxg7 19. Qc3+ Kg8 20. Nf4 b5 21. Rad1
Nc5 22. Qd4 bxc4 23. Qxc4 Qb6 24. b3 Qa5 25. b4 Qb5 26. Qxb5 axb5 27. bxc5 dxc5
28. Nd3 Rfc8 29. Ne5 Rxa2 30. Rd7 c4 31. Rb1 c3 32. Nd3 Rd2 33. Ne5 Rxd7 34.
Nxd7 c2 35. Rc1 b4 36. Ne5 b3 37. Nd3 e5 38. Nb2 e4 39. f4 exf3 40. gxf3 Ra8 41.
Nc4 Ra2 42. Kf2 f5 43. Kg3 Kf7 44. h4 Ke6 45. f4 Kd5 46. Nd2 Kc5 47. Nxb3+ Kb4
48. Nd4 Kc3 49. Nxc2 Rxc2 50. Rxc2+ Kxc2 51. Kf3 Kd3 52. Kf2 Ke4 53. Ke2 h6 54.
Kf2 Kd3 55. Kf3 Kd2 56. Kf2 h5 57. Kf3 Ke1 58. e4 fxe4+ 59. Kxe4 Kf2 60. f5
gxf5+ 61. Kxf5 Kf3 62. Kg5 Ke4 63. Kxh5 Kf5 64. Kh6 Kf6 65. h5 Kf7 66. Kh7 Kf6
1/2-1/2

[Event "AUTO-ADV-3282"]
[Site "http://www.queenalice.com/game.php?id=1320754"]
[Date "2014.11.6"]
[Round "1"]
[White "karpaninho"]
[Black "Eggchaser"]
[Result "1-0"]
[WhiteElo "1829"]
[BlackElo "1896"]

1. d4 d5 2. c4 e6 3. Nf3 c5 4. e3 cxd4 5. Nxd4 Nf6 6. Nc3 a6 7. Bd3 Be7 8. O-O
O-O 9. cxd5 exd5 10. h3 Nc6 11. Nce2 Ne5 12. Ng3 Nxd3 13. Qxd3 Be6 14. Bd2 Rc8
15. a3 Qd7 16. Nxe6 fxe6 17. e4 Nxe4 18. Nxe4 1-0

[Event "AUTO-ADV-3282"]
[Site "http://www.queenalice.com/game.php?id=1320755"]
[Date "2014.11.6"]
[Round "1"]
[White "Eggchaser"]
[Black "karpaninho"]
[Result "1-0"]
[WhiteElo "1865"]
[BlackElo "1848"]

1. b3 d6 2. f4 Nc6 3. Nf3 e5 4. fxe5 Nxe5 5. e3 Bg4 6. Be2 Be7 7. O-O Nf6 8. Bb2
Nxf3+ 9. Bxf3 Bxf3 10. Qxf3 c6 11. Nc3 O-O 12. d3 Rc8 13. e4 b5 14. Nd1 c5 15.
Ne3 Re8 16. Nf5 Bf8 17. Qg3 g6 18. Bxf6 Qxf6 19. Nh6+ Bxh6 20. Rxf6 Bg7 21. Raf1
Bxf6 22. Rxf6 1-0

[Event "AUTO-ADV-3591"]
[Site "http://www.queenalice.com/game.php?id=1409320"]
[Date "2016.2.14"]
[Round "1"]
[White "karpaninho"]
[Black "bdpq"]
[Result "0-1"]
[WhiteElo "1738"]
[BlackElo "1721"]

1. d4 d5 2. c4 dxc4 3. e3 Nf6 4. Nc3 e6 5. Bxc4 Bb4 6. Bd2 O-O 7. Nf3 Bxc3 8.
Bxc3 Bd7 9. O-O Ne4 10. Bb4 Re8 11. Rc1 Nc6 12. Bd3 f5 13. Be1 a5 14. Bxe4 fxe4
0-1

[Event "AUTO-ADV-3591"]
[Site "http://www.queenalice.com/game.php?id=1409321"]
[Date "2016.2.14"]
[Round "1"]
[White "bdpq"]
[Black "karpaninho"]
[Result "1-0"]
[WhiteElo "1738"]
[BlackElo "1721"]

1. e4 c5 2. Nc3 Nc6 3. f4 d6 4. Nd5 e6 5. Ne3 Nf6 6. Bb5 Nxe4 7. Bxc6+ bxc6 8.
Nf3 Be7 9. O-O d5 10. d3 Nf6 11. Ne5 Bb7 12. Bd2 O-O 13. c4 d4 14. N3g4 1-0

[Event "AUTO-ADV-3591"]
[Site "http://www.queenalice.com/game.php?id=1409324"]
[Date "2016.2.14"]
[Round "1"]
[White "karpaninho"]
[Black "Scooby_99"]
[Result "0-1"]
[WhiteElo "1751"]
[BlackElo "1822"]

1. d4 d5 2. c4 dxc4 3. e3 Bf5 4. Nc3 Nf6 5. Bxc4 e6 6. Nf3 h6 7. O-O c6 8. Re1
Be7 9. e4 Bh7 10. h3 Nbd7 11. Bf4 Nb6 12. Bb3 O-O 13. Rc1 Bb4 14. a3 Bxc3 15.
Rxc3 Bxe4 16. Be5 Bd5 17. Bxd5 Nbxd5 18. Rc1 Re8 19. b4 Nd7 20. b5 Nxe5 21. Nxe5
Qa5 22. bxc6 bxc6 23. Nxc6 Qxa3 24. Ra1 Qd6 25. Ra6 Qf4 0-1

[Event "AUTO-ADV-3591"]
[Site "http://www.queenalice.com/game.php?id=1409325"]
[Date "2016.2.14"]
[Round "1"]
[White "Scooby_99"]
[Black "karpaninho"]
[Result "1-0"]
[WhiteElo "1808"]
[BlackElo "1765"]

1. d4 Nf6 2. Nf3 e6 3. e3 d5 4. Nc3 Bb4 5. Bd2 a6 6. Bd3 Nbd7 7. Qe2 c5 8. dxc5
Bxc5 9. a3 b5 10. b4 Bd6 11. Nd4 Bb7 12. a4 Bxb4 13. axb5 Bxc3 14. Bxc3 O-O 15.
bxa6 Bxa6 16. Bxa6 Nc5 17. Bd3 Nxd3+ 18. Qxd3 Rxa1+ 19. Bxa1 Qb8 20. O-O Rc8 21.
h3 Qb4 22. c3 Qe7 23. Bb2 Ne4 24. Nf3 Qf6 25. Rc1 Nd6 26. Rb1 1-0